000 00271nam a2200109Ia 4500
008 190216s9999||||xx |||||||||||||| ||und||
100 _aAndley Kk
245 0 _aForeign Exchange Principles And Practice
260 _bSulthan Chand&Sons
_c1982
300 _a581p
942 _cBK
999 _c4893
_d4893